000 00531nam a2200193Ia 4500
003 OSt
005 20250113164044.0
008 210210b1945 xxu||||| |||| 00| 0 eng d
040 _cAL
041 _aKannada
082 _a854/247
100 _aRAJARATNAM (G P)
_9137111
_dರಾಜರತ್ನಂ ಜಿ ಪಿ
245 _aDharampada
_bಧರ್ಮಪದ
260 _aBengaluru
_bShakya Sahitya Mantapa
_c1945
650 _aDharampada
_9137112
690 _aKannada Criticism
_9137113
906 _a020096
942 _2ddc
_cBK
999 _c144247
_d144247